Vol. 17, № 14 (Vol. 31, № 28); Industrial and Engineering Chemistry. New Edition

Bibliographische Detailangaben
Parent link:Industrial and Engineering Chemistry. New Edition/ American Chemical Society. Vol. 17, № 14 (Vol. 31, № 28).— , 1935-1939, 1967
Sprache:Englisch
Veröffentlicht: 1939
Format: Buch
KOHA link:https://koha.lib.tpu.ru/cgi-bin/koha/opac-detail.pl?biblionumber=584236

MARC

LEADER 00000nam2a2200000 4500
001 584236
005 20231101131127.0
035 |a (RuTPU)RU\TPU\prd\285640 
035 |a RU\TPU\prd\285627 
090 |a 584236 
100 |a 20190923b19351967k y0engy50 ba 
101 0 |a eng 
102 |a US 
200 0 |a Vol. 17, № 14 (Vol. 31, № 28) 
210 |d 1939 
215 |a p. 461-484 
461 1 |0 (RuTPU)RU\TPU\prd\285487  |t Industrial and Engineering Chemistry. New Edition  |f American Chemical Society  |v Vol. 17, № 14 (Vol. 31, № 28)  |d 1935-1939, 1967 
801 0 |a RU  |b 63413507  |c 20011210  |g PSBO 
801 2 |a RU  |b 63413507  |c 20190918  |g PSBO 
801 2 |a RU  |b 63413507  |c 20190923  |g PSBO 
942 |c BK 
999 |a НТБ_ТПУ  |b НФ  |e -8/20190109  |p П-517в  |u 0,00  |v 1